Korarézkori sírok Kotacparton különlenyomat /

Elmentve itt :
Bibliográfiai részletek
Szerzők: Apor László
Nagy István
Dokumentumtípus: Cikk
Megjelent: 1940
Sorozat:Kolligátum
Kulcsszavak:Régészet - anatómiai vizsgálat, Hódmezővásárhely - régészeti leletek
Online Access:http://misc.bibl.u-szeged.hu/26756
LEADER 00642nab a2200181 i 4500
001 misc26756
005 20191108150220.0
008 170830s1940 hu o 0|| zxx d
040 |a SZTE Miscellanea Repozitórium  |b hun 
041 |a zxx 
100 1 |a Apor László 
245 1 0 |a Korarézkori sírok Kotacparton   |h [elektronikus dokumentum] :  |b különlenyomat /  |c  Apor László 
260 |c 1940 
300 |a 942-957 
490 0 |a Kolligátum 
695 |a Régészet - anatómiai vizsgálat, Hódmezővásárhely - régészeti leletek 
700 0 1 |a Nagy István  |e aut 
856 4 0 |u http://misc.bibl.u-szeged.hu/26756/1/019_012_942-957.pdf  |z Dokumentum-elérés